兵庫県の市町村 人口順 - Statistics

General Stats
  • This quiz has been taken 63 times
  • The average score is 35 of 41
Answer Stats
Answer 人口 % Correct
1 神戸市 1,492,282
100%
2 姫路市 519,390
100%
3 西宮市 482,716
100%
4 尼崎市 454,123
100%
5 明石市 306,453
100%
6 加古川市 254,947
100%
7 宝塚市 220,927
100%
8 伊丹市 195,005
100%
13 豊岡市 72,931
98%
19 南あわじ市 41,522
98%
23 洲本市 39,341
98%
39 新温泉町 12,180
95%
10 三田市 104,799
93%
15 たつの市 70,864
93%
18 赤穂市 43,293
93%
21 淡路市 40,253
93%
32 相生市 26,573
93%
14 三木市 71,915
90%
16 丹波市 58,416
90%
20 加西市 40,666
90%
24 丹波篠山市 37,884
90%
9 川西市 148,952
88%
11 芦屋市 92,525
88%
26 播磨町 33,719
88%
12 高砂市 84,369
85%
22 加東市 39,827
85%
28 宍粟市 31,983
85%
25 西脇市 36,463
83%
36 香美町 14,412
83%
17 小野市 46,196
80%
33 養父市 20,332
80%
31 朝来市 27,002
78%
38 上郡町 12,933
78%
30 猪名川町 27,856
75%
34 福崎町 18,923
75%
37 佐用町 14,318
75%
40 市川町 10,233
60%
29 稲美町 29,912
55%
35 多可町 17,672
55%
41 神河町 9,675
55%
27 太子町 32,883
48%
No matching quizzes found
Score Distribution
Percent of People with Each Score
Percentile by Number Answered
Your Score History
You have not taken this quiz